|
|
|
|
| LEADER |
00000cim a2200000 a 4500 |
| 001 |
vtls010615904 |
| 003 |
SK-MaSNL |
| 005 |
20260301090701.0 |
| 007 |
sd fungnnmmned |
| 008 |
160429s2014 xo nnnnfs b n slo |
| 015 |
|
|
|a SNBJ2015
|
| 020 |
|
|
|a 9788018028889 (CDROM)
|
| 040 |
|
|
|a SNK
|b slo
|c SNK
|e AACR2
|
| 041 |
0 |
|
|d slo
|
| 044 |
|
|
|a xo
|c SK
|
| 072 |
|
7 |
|a 821.162.4
|x Slovenská literatúra
|2 konspekt
|
| 072 |
|
7 |
|a 929
|x Biografie
|2 konspekt
|
| 080 |
|
|
|a 821.162.4-051
|2 2001
|
| 080 |
|
|
|a 821.162.4-31
|2 2001
|
| 080 |
|
|
|a (0:82-312.6)
|2 2001
|
| 080 |
|
|
|a (086.76)
|2 2001
|
| 100 |
1 |
|
|a Baláž, Anton,
|d 1943-
|4 aut
|9 103540
|
| 245 |
1 |
0 |
|a Prehovor, Ezechiel
|h elektronický zdroj
|b príbeh Jána Lajčiaka
|c Anton Baláž ; číta: Peter Lejko
|
| 260 |
|
|
|a Levoča
|b Slovenská knižnica pre nevidiacich Mateja Hrebendu
|c 2014
|
| 300 |
|
|
|a 1 elektronický optický disk (CD-ROM)
|b digitál., MP3
|c 12 cm
|
| 306 |
|
|
|a 181300
|
| 520 |
8 |
|
|a V románe autor približuje životný a tvorivý príbeh evanjelického kňaza, intelektuála európskeho formátu, sociológa kultúry, spolutvorcu modernej slovenskej orientalistiky, prekladateľa z hebrejčiny a gréčtiny Jána Lajčiaka (1875-1918)
|
| 521 |
|
|
|a Pre nevidiacich, slabozrakých a inak zdravotne postihnutých
|
| 600 |
1 |
7 |
|a Lajčiak, Ján,
|d 1875-1918
|2 SNKMA
|9 38535
|
| 650 |
0 |
7 |
|a slovenskí spisovatelia
|2 SNKPH
|9 1258
|
| 655 |
|
7 |
|a zvukové záznamy
|2 SNKPH
|9 70720
|
| 655 |
|
7 |
|a slovenské romány
|2 SNKPH
|9 70324
|
| 655 |
|
7 |
|a biografické romány
|2 SNKPH
|9 1532
|
| 655 |
|
7 |
|a CD-ROM
|2 SNKPH
|9 70236
|
| 700 |
1 |
|
|a Lejko, Peter
|4 nrt
|9 306861
|
| 787 |
0 |
8 |
|i Podľa knihy:
|t Prehovor, Ezechiel: príbeh Jána Lajčiaka
|d Bratislava : Literárne informačné centrum, 2012
|z 978-80-8119-057-5
|
| 919 |
|
|
|a 978-80-18-02888-9
|
| 958 |
|
|
|a SX
|
| 958 |
|
|
|a LX
|
| 999 |
|
|
|c 668921
|d 670851
|
| 952 |
|
|
|a SNK
|b SNK
|y PREZ
|7 0
|p 17A1118213
|o snkSCD 3281
|i snk2014/22383
|8 0
|0 0
|1 0
|4 0
|d 2014-10-20
|l 0
|r 2026-02-23 19:18:33
|w 2026-02-23
|